[Event "ch-FRA Blitz Online Qual"]
[Site "Europe-Chess INT"]
[Date "2020.05.16"]
[Round "14"]
[White "Roussel, Matthieu"]
[Black "Schrefheere, Anthime"]
[Result "1/2-1/2"]
[WhiteElo "1577"]
[BlackElo "1750"]
[WhiteFideId "36070009"]
[BlackFideId "657646"]
[EventDate "2020.05.16"]

1. e4 d6 2. d4 Nf6 3. Nc3 g6 4. Nf3 Bg7 5. Bg5 c6 6. e5 dxe5 7. dxe5 Qxd1+ 8.
Rxd1 Ng4 9. Bf4 Nd7 10. e6 fxe6 11. h3 Nge5 12. Nxe5 Nxe5 13. Be2 O-O 14. Bg3
Nf7 15. O-O e5 16. Bf3 Bf5 17. Rd2 Nd6 18. Re1 Nc4 19. Rde2 Nxb2 20. Rb1 e4 21.
Nxe4 Bxe4 22. Bxe4 Rac8 23. Bf3 Rfe8 24. Be5 Bxe5 25. Rxe5 Nc4 26. Re4 Nd2 27.
Reb4 Nxb1 28. Rxb1 b6 29. Re1 c5 30. Re6 Kf7 31. Bd5 Kg7 32. Bb3 Rcd8 33. Rc6
Rd6 34. Rc7 Kf6 35. Rxa7 Red8 36. Ra4 g5 37. Rg4 Rd1+ 38. Kh2 R8d2 39. f4 gxf4
40. Rxf4+ Ke5 41. Rf3 Re1 42. Rg3 Ree2 43. Rg5+ Kd6 44. Rg3 e5 45. Rg7 e4 46.
Rg5 e3 47. Rg3 Ke5 48. Bc4 Kd4 49. Bxe2 Rxe2 50. Kg1 Kc3 51. Kf1 Rf2+ 52. Ke1
Rxc2 53. Rxe3+ Kb2 54. Rb3+ Kxa2 55. Rxb6 Rxg2 56. Rh6 Kb3 57. Rxh7 c4 58. Rb7+
Kc2 59. h4 c3 60. h5 Rh2 61. Rb5 Kd3 62. Rd5+ Ke4 63. Rc5 Kd4 64. Rc8 Rxh5 65.
Kd1 Rd5 66. Kc2 Rc5 67. Rxc5 Kxc5 68. Kxc3 1/2-1/2

[Event "ch-FRA Blitz Online Qual"]
[Site "Europe-Chess INT"]
[Date "2020.05.16"]
[Round "14"]
[White "Bourgeois, Ludovic"]
[Black "Barrera, Armando"]
[Result "0-1"]
[WhiteElo "1748"]
[BlackElo "1486"]
[WhiteFideId "690678"]
[BlackFideId "551036657"]
[EventDate "2020.05.16"]

1. d4 d5 2. Nf3 e6 3. e3 Nf6 4. Bd3 Bd6 5. b3 O-O 6. O-O c6 7. Bb2 Re8 8. Nbd2
Nbd7 9. Ne5 Bxe5 10. dxe5 Ne4 11. Nxe4 dxe4 12. Bxe4 Qe7 13. f4 Nc5 14. Ba3 Bd7
15. Rf3 b6 16. Rh3 g6 17. Qg4 a5 18. Rh6 f5 19. exf6 Qxf6 20. Bxg6 Qxa1+ 21. Kf2
Qg7 22. Rxh7 Ne4+ 23. Ke2 Qxh7 24. Bxh7+ Kxh7 25. Qh5+ Kg7 26. Bb2+ Kf8 27. Qh8+
Ke7 28. Qh4+ Kd6 29. Be5+ Kd5 30. c4+ Kc5 31. Bd4+ Kb4 32. Qe1+ Ka3 33. Qc1+ Kb4
34. a3+ Kxb3 35. Qb2+ Kxc4 36. Qc2+ Kd5 37. Qb3+ Kd6 38. Be5+ Ke7 39. Qc4 Nc5
40. Qc2 Rf8 41. Qh7+ Rf7 42. Qh4+ Ke8 43. Qh8+ Rf8 44. Qg7 Nb7 45. Bf6 Rf7 46.
Qg8+ Rf8 47. Qg6+ Rf7 48. Qg8+ Rf8 49. Qg5 Nd6 50. Bg7 Rf7 51. Bd4 Nf5 52. Qg8+
Rf8 53. Qg6+ Kd8 54. Bxb6+ Kc8 55. Bd4 Nxd4+ 56. exd4 Kc7 57. Qg3 Rf5 58. Qc3
Raf8 59. g3 Rd5 60. a4 Rh8 61. h4 Rg8 62. Kf3 Kd6 63. Qc4 c5 64. Qb5 Bxb5 65.
axb5 cxd4 66. Ke4 d3 67. b6 d2 0-1

[Event "ch-FRA Blitz Online Qual"]
[Site "Europe-Chess INT"]
[Date "2020.05.16"]
[Round "14"]
[White "Janon, Nicolas"]
[Black "Le Bail, Stephane"]
[Result "0-1"]
[WhiteElo "1392"]
[BlackElo "1746"]
[WhiteFideId "36039136"]
[BlackFideId "655368"]
[EventDate "2020.05.16"]

1. e4 e5 2. Nf3 Nc6 3. d4 exd4 4. Nxd4 Bc5 5. Be3 Qf6 6. c3 d6 7. Bb5 Ne7 8. b4
Bb6 9. a4 a6 10. Bxc6+ Nxc6 11. O-O O-O 12. Na3 Qg6 13. Nxc6 bxc6 14. Kh1 Qxe4
15. Bxb6 cxb6 16. Re1 Qg6 17. Nc4 b5 18. Nb6 Rb8 19. Nxc8 Rbxc8 20. axb5 axb5
21. Re3 h6 22. Rg3 Qf6 23. Rf3 Qe5 24. Re3 Qf5 25. Rf3 Qd7 26. Qb3 d5 27. Rd1
Rce8 28. h3 Re4 29. Re3 Rfe8 30. Rxe4 Rxe4 31. Qc2 Qe6 32. Qd2 Re2 33. Qf4 Re1+
34. Rxe1 Qxe1+ 35. Kh2 Qxc3 36. Qb8+ Kh7 37. Qf4 Qf6 38. Qd2 g6 39. f3 h5 40.
Qc2 Qf4+ 41. Kg1 Qxb4 42. Qxc6 d4 43. Qf6 Qc4 44. Kh2 d3 45. Qe5 b4 46. f4 d2
47. f5 d1=Q 48. fxg6+ fxg6 49. Qe7+ Kh8 50. Qf8+ Kh7 51. Qe7+ Kh6 52. Qf8+ Kg5
53. Qe7+ Kf4 54. Qf6+ Ke3 55. Qg5+ Qf4+ 56. Qxf4+ Kxf4 57. g3+ Kf3 58. h4 Qe2+
59. Kh3 Qg2# 0-1

[Event "ch-FRA Blitz Online Qual"]
[Site "Europe-Chess INT"]
[Date "2020.05.16"]
[Round "14"]
[White "Barraud, Mickael"]
[Black "Stajkovski, Stefan"]
[Result "1-0"]
[WhiteElo "1733"]
[BlackElo "1428"]
[WhiteFideId "696137"]
[BlackFideId "551053250"]
[EventDate "2020.05.16"]

1. e4 c5 2. c3 d5 3. exd5 Qxd5 4. d4 Nc6 5. Nf3 Nf6 6. Be3 e6 7. Be2 cxd4 8.
cxd4 Bb4+ 9. Nc3 O-O 10. O-O Qd8 11. a3 Be7 12. Rc1 Nd5 13. Qd2 Bf6 14. Bd3 Qb6
15. b4 Nxd4 16. Nxd4 Nxe3 17. fxe3 Bxd4 18. exd4 Qxd4+ 19. Kh1 Qh4 20. Ne4 b6
21. Rf4 Qh6 22. Rf2 Qh5 23. Rcf1 Bb7 24. Nd6 Bd5 25. Nxf7 Rac8 26. Nd6 Rxf2 27.
Qxf2 Rd8 28. Nf7 Rf8 29. Nh6+ gxh6 30. Qxf8# 1-0

[Event "ch-FRA Blitz Online Qual"]
[Site "Europe-Chess INT"]
[Date "2020.05.16"]
[Round "14"]
[White "Moeller, Joshua"]
[Black "Garde, Guillaume"]
[Result "1-0"]
[WhiteElo "1469"]
[BlackElo "1716"]
[WhiteFideId "45167834"]
[BlackFideId "45138273"]
[EventDate "2020.05.16"]

1. d4 d5 2. c3 Nf6 3. Bf4 c5 4. dxc5 e6 5. Nd2 Bxc5 6. Ngf3 Nc6 7. e3 O-O 8. Bb5
Bd7 9. Nd4 Nxd4 10. Bxd7 Nxd7 11. cxd4 Bb4 12. O-O Rc8 13. a3 Be7 14. Qe2 Nf6
15. Rac1 Qd7 16. b4 Rxc1 17. Rxc1 Rc8 18. Rxc8+ Qxc8 19. Nb3 h6 20. Qd3 Ne4 21.
f3 Nd6 22. Nc5 b6 23. Nb3 Qc4 24. Qxc4 dxc4 25. Nd2 c3 26. Nb3 Nc4 27. Kf2 Nxa3
28. Ke2 Bxb4 29. Kd3 Kf8 30. e4 Ke7 31. Bc1 Nb5 32. Kc4 Ba3 33. Kxb5 Bd6 34. f4
f6 35. e5 fxe5 36. fxe5 Bc7 37. Ba3+ Kf7 38. g4 Bd8 39. Kc4 c2 40. Kd3 Kg6 41.
Bc1 Bg5 42. Nd2 Bf4 43. h4 Bg3 44. h5+ Kg5 45. Ne4+ Kxg4 46. Nxg3 Kxg3 47. Kxc2
Kg4 48. Kd3 Kxh5 49. Ke4 Kg6 50. Kf4 a5 51. Ba3 b5 52. Bc5 b4 53. Kg4 b3 54. Ba3
a4 55. Bb2 Kh7 56. d5 exd5 57. e6 Kg8 58. Kf5 h5 59. Kg6 h4 60. e7 h3 61. e8=Q# 1-0

[Event "ch-FRA Blitz Online Qual"]
[Site "Europe-Chess INT"]
[Date "2020.05.16"]
[Round "14"]
[White "Ibrouchene, Christophe"]
[Black "Eric Andriana, Fitia"]
[Result "1-0"]
[WhiteElo "1797"]
[BlackElo "1401"]
[WhiteFideId "45110786"]
[BlackFideId "36094366"]
[EventDate "2020.05.16"]

1. e4 e5 2. Bc4 Nc6 3. f4 d6 4. Nf3 Bg4 5. Bb5 Nf6 6. Nc3 Be7 7. d3 a6 8. Bxc6+
bxc6 9. fxe5 Bxf3 10. Qxf3 dxe5 11. Be3 O-O 12. O-O c5 13. b3 c6 14. Na4 Qa5 15.
Nb2 Nd7 16. Nc4 Qc7 17. Qg4 Nf6 18. Qf5 Nd7 19. Rf3 a5 20. a4 Bf6 21. Raf1 Nb8
22. Bxc5 Re8 23. Rh3 h6 24. Qg4 Na6 25. Be3 Nb4 26. Rxf6 Nxc2 27. Bxh6 Qa7+ 28.
Kh1 g6 29. Qh4 Rad8 30. Bg7 1-0

[Event "ch-FRA Blitz Online Qual"]
[Site "Europe-Chess INT"]
[Date "2020.05.16"]
[Round "14"]
[White "Hadida, Simon"]
[Black "Daunay, Gabriel"]
[Result "1-0"]
[WhiteElo "1900"]
[BlackElo "1701"]
[WhiteFideId "45132925"]
[BlackFideId "45103321"]
[EventDate "2020.05.16"]

1. e4 c6 2. d4 d5 3. e5 Bf5 4. Nf3 e6 5. Bd3 Bxd3 6. Qxd3 Nd7 7. O-O Ne7 8. Bg5
Qb6 9. Nc3 c5 10. Be3 Nc6 11. Na4 Qa5 12. Nxc5 Nxc5 13. dxc5 Bxc5 14. c3 Bxe3
15. Qxe3 O-O 16. Rfe1 b5 17. a3 Qc7 18. Ng5 h6 19. Nh3 a5 20. Nf4 Rfc8 21. Nh5
Qe7 22. f4 b4 23. Qg3 Qf8 24. axb4 axb4 25. cxb4 Rxa1 26. Rxa1 Nxb4 27. Rd1 Qc5+
28. Kh1 g6 29. Nf6+ Kg7 30. h4 h5 31. Nxh5+ Kh8 32. Nf6 Qc2 33. Rf1 Qf5 34. Qg5
Qxg5 35. fxg5 Rc2 36. Ng4 Kg7 37. Nh6 Rc7 38. Kh2 Nd3 39. b3 Nxe5 40. Re1 Nd3
41. Re3 Nb4 42. Ng4 d4 43. Rf3 Rc3 44. Rf4 Nc2 45. Ne5 d3 46. Rxf7+ Kg8 47. Rd7
Ne1 48. Rd8+ Kg7 49. Rd7+ Kf8 50. Kg1 Rxb3 51. Kf2 Nc2 52. Nxd3 Nb4 53. Nc5 Rb2+
54. Kf3 Ke8 55. Rg7 Rc2 56. Nxe6 Rc3+ 57. Kf4 Nd5+ 58. Ke5 Ne7 59. Kf6 Rc2 60.
Rxe7# 1-0

[Event "ch-FRA Blitz Online Qual"]
[Site "Europe-Chess INT"]
[Date "2020.05.16"]
[Round "14"]
[White "Shved, Jakov"]
[Black "Mokrani, Romuhald"]
[Result "1-0"]
[WhiteElo "1667"]
[BlackElo "1358"]
[WhiteFideId "45178194"]
[BlackFideId "551061279"]
[EventDate "2020.05.16"]

1. e4 e6 2. d4 d5 3. Nc3 dxe4 4. Nxe4 Nc6 5. Nf3 Nf6 6. Bg5 Be7 7. Bxf6 Bxf6 8.
Bd3 O-O 9. c3 h6 10. Qe2 Bd7 11. Nc5 Bc8 12. Qe4 g6 13. h4 h5 14. g4 Qd5 15. Qf4
hxg4 16. Qxf6 Qxf3 17. Qxf3 gxf3 18. h5 Kg7 19. h6+ Kh7 20. Ne4 f5 21. Ng5+ Kh8
22. O-O-O e5 23. d5 Ne7 24. c4 e4 25. Bc2 Bd7 26. c5 Bb5 27. d6 cxd6 28. cxd6
Nc6 29. d7 Nb4 30. Ne6 Nxc2 31. Nxf8 Rxf8 32. d8=Q Rxd8 33. Rxd8+ Kh7 34. Kxc2
Bd3+ 35. Rxd3 exd3+ 36. Kxd3 g5 37. Ke3 g4 38. Kf4 b6 39. Kxf5 b5 40. Kxg4 a6
41. Kxf3 a5 42. Ke4 b4 43. Kd5 a4 44. Kc4 a3 45. bxa3 bxa3 46. Kb3 Kh8 47. Kxa3
Kh7 48. Kb4 Kh8 49. a4 Kh7 50. a5 Kh8 51. a6 1-0

[Event "ch-FRA Blitz Online Qual"]
[Site "Europe-Chess INT"]
[Date "2020.05.16"]
[Round "14"]
[White "Lambert Hoareau, Guillaume"]
[Black "El Baroudi Abderrahmane"]
[Result "0-1"]
[WhiteElo "1348"]
[BlackElo "1599"]
[WhiteFideId "45172323"]
[BlackFideId "9005382"]
[EventDate "2020.05.16"]

1. e4 e5 2. Nf3 Nc6 3. Bc4 Bc5 4. c3 Nf6 5. d4 exd4 6. O-O O-O 7. cxd4 Bb6 8. e5
Ne8 9. Qc2 d5 10. Bd3 g6 11. Bh6 Ng7 12. Nc3 Nxd4 13. Nxd4 Bxd4 14. Rfe1 Re8 15.
Qb3 c6 16. Bf4 Bxc3 17. Qxc3 Bf5 18. Bh6 Bxd3 19. Bxg7 Kxg7 20. Qxd3 Re6 21. f4
Qe8 22. g3 Kg8 23. Qd4 f6 24. Kf2 fxe5 25. Rxe5 Rxe5 26. Qxe5 Qxe5 27. fxe5 Re8
28. Re1 Kf7 29. Kf3 Ke6 30. Kf4 Rf8+ 31. Ke3 Rf5 32. g4 Rxe5+ 33. Kf2 Rxe1 34.
Kxe1 Ke5 35. Ke2 Ke4 36. h3 h6 37. a3 a5 38. b4 axb4 39. axb4 b5 40. h4 Kf4 41.
h5 g5 42. Kf2 Kxg4 43. Kg2 Kf4 44. Kf2 d4 45. Ke2 g4 46. Kf2 d3 47. Ke1 g3 48.
Kf1 d2 49. Ke2 g2 50. Kxd2 g1=Q 51. Ke2 Qe3+ 52. Kd1 Qf2 53. Kc1 Ke3 54. Kb1 Kd3
55. Ka1 Kc3 56. Kb1 Qb2# 0-1

[Event "ch-FRA Blitz Online Qual"]
[Site "Europe-Chess INT"]
[Date "2020.05.16"]
[Round "14"]
[White "Briand, Maxime"]
[Black "Falip Morales, Tom"]
[Result "0-1"]
[WhiteElo "1662"]
[BlackElo "1344"]
[WhiteFideId "651016397"]
[BlackFideId "45181764"]
[EventDate "2020.05.16"]

1. c4 Nf6 2. d4 c5 3. d5 e6 4. Nc3 exd5 5. cxd5 d6 6. e4 g6 7. Nf3 Bg7 8. h3 O-O
9. Bd3 Re8 10. O-O a6 11. a4 Nfd7 12. Bf4 Ne5 13. Nxe5 Bxe5 14. Bxe5 Rxe5 15. f4
Re8 16. Qc2 Nd7 17. Rae1 Qb6 18. Kh1 Qc7 19. f5 Ne5 20. f6 c4 21. Be2 h6 22. Qd2
Kh7 23. Kh2 Bd7 24. g4 b5 25. axb5 axb5 26. g5 h5 27. Qd1 b4 28. Bxh5 bxc3 29.
bxc3 Ra2+ 30. Kh1 Bxh3 31. Rf4 Nd3 32. Bxg6+ Kxg6 33. Re2 Rxe2 34. Qxe2 Rh8 35.
Rf3 Bf1+ 36. Qh2 Rxh2+ 37. Kxh2 Be2 0-1

[Event "ch-FRA Blitz Online Qual"]
[Site "Europe-Chess INT"]
[Date "2020.05.16"]
[Round "14"]
[White "Carme, Jeremie"]
[Black "Droulout, Paul"]
[Result "0-1"]
[WhiteElo "1659"]
[BlackElo "1176"]
[WhiteFideId "45184593"]
[BlackFideId "45109770"]
[EventDate "2020.05.16"]

1. e4 c5 2. Nf3 d6 3. d4 cxd4 4. Nxd4 Nf6 5. Nc3 g6 6. f4 Bg7 7. Bc4 Nc6 8. Nxc6
bxc6 9. O-O O-O 10. Kh1 Rb8 11. f5 Nd7 12. Bg5 Rxb2 13. Qd3 Ne5 14. Qe2 Nxc4 15.
Qxc4 Qa5 16. Bd2 Ba6 17. Qxc6 Bxf1 18. Rxf1 Rxc2 19. Nd5 Qxd2 20. Nxe7+ Kh8 21.
Qxc2 Qxc2 22. f6 Qd3 23. Kg1 Bh6 24. h3 Be3+ 25. Kh2 Qxf1 26. e5 Bg1+ 27. Kg3
Qf2+ 28. Kg4 dxe5 29. a4 Qf4# 0-1

[Event "ch-FRA Blitz Online Qual"]
[Site "Europe-Chess INT"]
[Date "2020.05.16"]
[Round "14"]
[White "Dincov, Ioan"]
[Black "Lamblain, Nicolas"]
[Result "1-0"]
[WhiteElo "1549"]
[BlackElo "1645"]
[WhiteFideId "45118612"]
[BlackFideId "20605641"]
[EventDate "2020.05.16"]

1. e4 c5 2. Nf3 d6 3. d4 cxd4 4. c3 dxc3 5. Nxc3 e6 6. Bc4 a6 7. Bf4 Nc6 8. Qb3
Nge7 9. O-O-O Ng6 10. Bg3 Be7 11. Rhe1 O-O 12. e5 d5 13. Bxd5 exd5 14. Nxd5 Qa5
15. Nxe7+ Ngxe7 16. Ng5 Bf5 17. e6 Qc5+ 18. Qc3 Qxc3+ 19. bxc3 fxe6 20. Nxe6 Rf6
21. Nc7 Rc8 22. Bh4 Rxc7 23. Bxf6 gxf6 24. Kb2 Kf7 25. h3 Ne5 26. g4 Be6 27. f4
Nc4+ 28. Kc2 Nd5 29. f5 Nde3+ 30. Kd3 Rd7+ 31. Ke4 Bd5+ 32. Rxd5 Nxd5 33. Kd4
Ncb6 34. Kc5 Re7 35. Rh1 Re3 36. c4 Rc3 37. Kd6 Rxc4 38. a3 Ra4 39. Ra1 Rf4 40.
a4 Ne3 41. a5 Nbc4+ 42. Kc5 Rf3 43. Rb1 Ne5 44. Rxb7+ Ke8 45. Rxh7 Nf7 46. Kb6
Ng2 47. Kxa6 Nf4 48. h4 Nd6 49. Rh8+ Kd7 50. Kb6 Nd5+ 51. Kc5 Rc3+ 52. Kxd5 Nb7
53. Rh7+ Kc8 54. a6 Nd8 55. g5 Ra3 56. g6 Rxa6 57. g7 Ra5+ 58. Kc4 Ra4+ 59. Kb5
Rg4 60. h5 Nf7 61. h6 Nxh6 62. Rxh6 Rxg7 63. Rxf6 Re7 64. Kc6 Kd8 65. Kd6 Ke8
66. Re6 Kf8 67. Rxe7 1-0

[Event "ch-FRA Blitz Online Qual"]
[Site "Europe-Chess INT"]
[Date "2020.05.16"]
[Round "14"]
[White "Druon, Thibault"]
[Black "Thibous, Mathis"]
[Result "0-1"]
[WhiteElo "1644"]
[BlackElo "1313"]
[WhiteFideId "45166510"]
[BlackFideId "45163014"]
[EventDate "2020.05.16"]

1. d4 d5 2. c4 c6 3. Nf3 Nf6 4. Nc3 e6 5. e3 a6 6. Bd3 dxc4 7. Bxc4 b5 8. Bd3
Bb7 9. Qe2 Nbd7 10. O-O c5 11. e4 Be7 12. e5 Nd5 13. Rd1 O-O 14. Qe4 g6 15. Bh6
Re8 16. Qg4 cxd4 17. Nxd5 Bxd5 18. Re1 Rc8 19. h4 Bxf3 20. gxf3 Bxh4 21. Kg2 Be7
22. Rh1 Nxe5 23. Qe4 Nxd3 24. Qxd3 Qd5 25. Rae1 Bg5 26. Re4 Bxh6 27. Rxh6 Qg5+ 0-1

[Event "ch-FRA Blitz Online Qual"]
[Site "Europe-Chess INT"]
[Date "2020.05.16"]
[Round "14"]
[White "Breuil, Virgile"]
[Black "Paralieu, Emma"]
[Result "1-0"]
[WhiteElo "1622"]
[BlackElo "1312"]
[WhiteFideId "45163693"]
[BlackFideId "45154163"]
[EventDate "2020.05.16"]

1. e4 e5 2. Nc3 Nf6 3. Bc4 Bc5 4. d3 h6 5. f4 d6 6. Na4 Bxg1 7. Rxg1 Bg4 8. Qd2
Nc6 9. h3 Be6 10. Bxe6 fxe6 11. Nc3 Qd7 12. Qf2 d5 13. fxe5 Nxe5 14. Bf4 Nc6 15.
e5 Nh7 16. d4 Rf8 17. Qd2 g5 18. Be3 O-O-O 19. O-O-O a6 20. Rdf1 Qg7 21. Ne2 h5
22. c3 Qg6 23. Ng3 g4 24. h4 Na5 25. b3 Nc6 26. Ne2 Qe4 27. Nf4 Qf5 28. g3 Qf7
29. Nd3 Qg6 30. Nf4 Qf7 31. Qd3 Rde8 32. Ng6 Qg7 33. Nxf8 Rxf8 34. Rxf8+ Nxf8
35. Bg5 Nd7 36. Rf1 Kb8 37. Bf6 Qh6+ 38. Bg5 Qg7 39. Rf4 Ka7 40. Qf1 Qg6 41. Rf7
Nb6 42. Rf6 Qe4 43. Rf4 Qh7 44. Kd2 a5 45. Qd3 Qg8 46. Rf6 Qe8 47. Qg6 Qxg6 48.
Rxg6 a4 49. Rxe6 axb3 50. axb3 Na5 51. Kc2 c6 52. Rh6 Nd7 53. Rxh5 c5 54. Rh7
Nb6 55. dxc5 Nc8 56. h5 Ka6 57. h6 Kb5 58. Rc7 Na7 59. h7 N7c6 60. h8=Q d4 61.
cxd4 Nxd4+ 62. Kd3 Ndxb3 63. Qe8+ Kb4 64. Bd2+ Ka3 65. Bxa5 Nxa5 66. Qb5 Nb3 67.
Qxb3+ Kxb3 68. Rxb7+ Ka4 69. Kc4 Ka5 70. Ra7# 1-0

[Event "ch-FRA Blitz Online Qual"]
[Site "Europe-Chess INT"]
[Date "2020.05.16"]
[Round "14"]
[White "Launay, Maxence"]
[Black "Grimault, Leane"]
[Result "1-0"]
[WhiteElo "1084"]
[BlackElo "1622"]
[WhiteFideId "551013231"]
[BlackFideId "36056847"]
[EventDate "2020.05.16"]

1. d4 d5 2. c4 e6 3. Nc3 Bb4 4. Bd2 Nf6 5. e3 O-O 6. a3 Bxc3 7. Bxc3 c6 8. Nf3
Nbd7 9. c5 b6 10. b4 Ne4 11. Rc1 Nxc3 12. Rxc3 a5 13. Be2 axb4 14. axb4 bxc5 15.
bxc5 Qa5 16. Qc1 Ba6 17. Bxa6 Qxa6 18. Qd1 Rfb8 19. Rd3 Qa1 20. O-O Qxd1 21.
Rfxd1 Nf6 22. Ne5 Rc8 23. f3 h6 24. Rb3 Rc7 25. Rb6 Rac8 26. Ra1 Nd7 27. Nxd7
Rxd7 28. Raa6 Rdc7 29. Kf2 Kf8 30. e4 Ke7 31. Ke3 Kd7 32. e5 f6 33. f4 Ke7 34.
Rb3 g5 35. g3 h5 36. Kf2 h4 37. Rf3 Rb7 38. Ra2 Rb4 39. Rd2 Ra8 40. gxh4 gxh4
41. Rfd3 fxe5 42. fxe5 Rf8+ 43. Kg2 Rf4 44. h3 Rf5 45. Rf2 Rg5+ 46. Kh2 Rb1 47.
Rdf3 Rg7 48. Rg2 Rxg2+ 49. Kxg2 Rb2+ 50. Rf2 Rb4 51. Rf4 Rb2+ 52. Kf3 Rb3+ 53.
Kg4 Re3 54. Kxh4 Re4 55. Kg4 Re1 56. h4 Rh1 57. Kg5 Rg1+ 58. Kh6 Rh1 59. h5 Kd7
60. Rf7+ Kc8 61. Rf6 Kb7 62. Rxe6 Rh4 63. Rd6 Rxd4 64. Kg7 Rh4 65. h6 Rg4+ 66.
Kf7 Rh4 67. Rf6 d4 68. e6 d3 69. e7 d2 70. Rd6 Rxh6 71. Rxd2 Rh7+ 72. Kf8 Rh8+
73. Kg7 Re8 74. Rd7+ Kc8 75. Rd6 Kc7 76. Kf6 Kc8 77. Ke6 Kc7 78. Rd7+ Kc8 79.
Kd6 Rg8 80. Rc7+ Kb8 81. Rxc6 Re8 82. Kd7 Rg8 83. e8=Q+ Rxe8 84. Kxe8 1-0

[Event "ch-FRA Blitz Online Qual"]
[Site "Europe-Chess INT"]
[Date "2020.05.16"]
[Round "14"]
[White "Hucault, Christophe"]
[Black "Guillou, Paul"]
[Result "0-1"]
[WhiteElo "1612"]
[BlackElo "1157"]
[WhiteFideId "26057336"]
[BlackFideId "551031140"]
[EventDate "2020.05.16"]

1. d4 d5 2. e4 e6 3. Nc3 Nf6 4. Bg5 Be7 5. e5 Nfd7 6. Bxe7 Qxe7 7. f4 Nc6 8. Nf3
O-O 9. Bb5 a6 10. Bxc6 bxc6 11. O-O Rb8 12. Rb1 c5 13. Ne2 cxd4 14. Nexd4 Qc5
15. c3 Nb6 16. Kh1 Nc4 17. Qe2 Bd7 18. b3 Na3 19. Rbc1 Nb5 20. c4 Nxd4 21. Nxd4
Qxd4 22. cxd5 exd5 23. Rxc7 Bf5 24. Rd1 Qe4 25. Qxa6 Bh3 26. Qf1 Bg4 27. Re1 Qb4
28. Rd7 Bxd7 29. e6 fxe6 30. Ra1 Qb5 31. Qg1 Qb6 32. Rc1 Qxg1+ 0-1

[Event "ch-FRA Blitz Online Qual"]
[Site "Europe-Chess INT"]
[Date "2020.05.16"]
[Round "14"]
[White "Lefrancois, Jean"]
[Black "Suspene, Jacques"]
[Result "1-0"]
[WhiteElo "1038"]
[BlackElo "1610"]
[WhiteFideId "551055635"]
[BlackFideId "651023059"]
[EventDate "2020.05.16"]

1. d4 d5 2. Nc3 Nf6 3. Bf4 c6 4. e3 Bf5 5. Bd3 Bg6 6. Nf3 e6 7. h3 Bd6 8. Bxd6
Qxd6 9. Ne5 Bxd3 10. cxd3 Nbd7 11. Nxd7 Qxd7 12. Qf3 O-O 13. O-O Rfe8 14. Rad1
e5 15. dxe5 Rxe5 16. e4 dxe4 17. dxe4 Qe7 18. Rfe1 Re8 19. Rd4 h6 20. a4 b6 21.
Re3 c5 22. Rc4 a6 23. Kh2 Qe6 24. b3 Qe7 25. Qf4 Nd7 26. Nd5 Qe6 27. Nc7 Qe7 28.
Nxe8 Qxe8 29. Rcc3 Nf6 30. f3 Qe7 31. Rcd3 g5 32. Qg3 Nh5 33. Qg4 Nf4 34. Rd1 1-0

[Event "ch-FRA Blitz Online Qual"]
[Site "Europe-Chess INT"]
[Date "2020.05.16"]
[Round "14"]
[White "Ciarletta, Ulysse"]
[Black "Villevieille, Theo"]
[Result "1-0"]
[WhiteElo "1599"]
[BlackElo "1109"]
[WhiteFideId "45133000"]
[BlackFideId "45177970"]
[EventDate "2020.05.16"]

1. d4 d5 2. c4 e6 3. Nc3 Nf6 4. Bg5 Be7 5. cxd5 exd5 6. Nf3 O-O 7. e3 h6 8. Bh4
Bg4 9. Be2 Nbd7 10. O-O Bd6 11. h3 Bh5 12. Qb3 c6 13. Qxb7 Qc8 14. Qxc8 Raxc8
15. Rfc1 Ne4 16. g4 Bg6 17. Nxe4 Bxe4 18. Nd2 Bh7 19. Kg2 Rfe8 20. a3 Re6 21.
Ba6 Rc7 22. b4 g5 23. Bg3 Bxg3 24. Kxg3 Rf6 25. Rc3 Nb8 26. Bb5 a6 27. Ba4 Nd7
28. Rac1 Nb8 29. f3 Kf8 30. Nb3 Ke7 31. Na5 Kd6 32. Nxc6 Nxc6 33. Rxc6+ Rxc6 34.
Rxc6+ Ke7 35. Rxf6 Kxf6 36. Bc6 Bd3 37. Bxd5 Ke7 38. e4 f6 39. Bb3 Kd6 40. Kf2
Bb1 41. Bc4 Kc6 42. Bxa6 Ba2 43. Ke3 Kb6 44. Bf1 Kc6 45. a4 Kb6 46. a5+ Kb7 47.
b5 Bc4 48. Bxc4 1-0

[Event "ch-FRA Blitz Online Qual"]
[Site "Europe-Chess INT"]
[Date "2020.05.16"]
[Round "14"]
[White "Giblin, Martin"]
[Black "Viennois, Romain"]
[Result "1/2-1/2"]
[WhiteElo "1428"]
[BlackElo "1981"]
[WhiteFideId "45187053"]
[BlackFideId "634204"]
[EventDate "2020.05.16"]

1. c4 e5 2. Nc3 Bb4 3. g3 Nc6 4. Bg2 d6 5. a3 Bxc3 6. dxc3 f5 7. f4 e4 8. Be3
Nf6 9. Bf2 O-O 10. e3 Be6 11. b3 d5 12. cxd5 Nxd5 13. c4 Nf6 14. Ne2 Qxd1+ 15.
Rxd1 Na5 16. Rb1 Rad8 17. O-O Rd2 18. Nd4 Bc8 19. Be1 Rd3 20. Bxa5 b6 21. Be1
Rxe3 22. Bf2 Rd3 23. Nc2 Rfd8 24. Ne3 Be6 25. Bh3 g6 26. Bg2 h5 27. Rfd1 a6 28.
Rxd3 Rxd3 29. Bf1 Rd2 30. Be1 Rd7 31. Rd1 Kf7 32. Rxd7+ Bxd7 33. Bc3 Ke6 34. Kf2
Ng4+ 35. Nxg4 hxg4 36. Ke3 c5 37. b4 Kd6 38. h3 gxh3 39. Bxh3 Kc6 40. a4 cxb4
41. Bxb4 b5 42. axb5+ axb5 43. Bf1 bxc4 44. Bxc4 Be8 45. Kd4 Kc7 46. Bd5 Kd7 47.
Bc4 Kc6 48. Bd5+ Kd7 49. Bxe4 fxe4 50. Kxe4 Ke6 51. g4 Kf7 52. f5 gxf5+ 53. gxf5
Bd7 54. f6 Kxf6 1/2-1/2

[Event "ch-FRA Blitz Online Qual"]
[Site "Europe-Chess INT"]
[Date "2020.05.16"]
[Round "14"]
[White "Chevillon, Celia"]
[Black "Frey, Thierry"]
[Result "1-0"]
[WhiteElo "1433"]
[BlackElo "1792"]
[WhiteFideId "45107459"]
[BlackFideId "1317709"]
[EventDate "2020.05.16"]

1. e4 c5 2. Nf3 d6 3. d4 cxd4 4. Nxd4 Nf6 5. Nc3 a6 6. Be3 e5 7. Nb3 Be6 8. f3
Be7 9. Be2 O-O 10. O-O Nbd7 11. Qd2 Rc8 12. Rfd1 Qc7 13. Rac1 Rfd8 14. Bg5 h6
15. Bh4 Nc5 16. Bxf6 Bxf6 17. Nxc5 dxc5 18. Qe1 Rd4 19. Rxd4 cxd4 20. Nd5 Bxd5
21. exd5 Qd6 22. c4 Bg5 23. Rd1 Be3+ 24. Kh1 b5 25. b3 bxc4 26. Bxc4 f5 27. Qe2
a5 28. g3 Re8 29. Kg2 e4 30. fxe4 Rxe4 31. a4 Re7 32. Qf3 Qe5 33. d6+ Re6 34.
Bxe6+ Qxe6 35. Qc6 Qxb3 36. Rf1 Qb2+ 37. Kf3 Qc2 38. Qxc2 1-0

[Event "ch-FRA Blitz Online Qual"]
[Site "Europe-Chess INT"]
[Date "2020.05.16"]
[Round "14"]
[White "Monmaille, Eric"]
[Black "Ragneau, Freddy"]
[Result "0-1"]
[WhiteElo "1400"]
[BlackElo "1859"]
[WhiteFideId "26064529"]
[BlackFideId "36001228"]
[EventDate "2020.05.16"]

1. e4 Nf6 2. Nc3 d5 3. exd5 Nxd5 4. Nxd5 Qxd5 5. Nf3 g6 6. c3 Bg7 7. d4 O-O 8.
Bd3 c5 9. O-O Bg4 10. Be2 Nc6 11. Be3 cxd4 12. Nxd4 Bxe2 13. Nxe2 Rad8 14. Qc2
b6 15. Rad1 Qe6 16. Nd4 Nxd4 17. Bxd4 Qxa2 18. Bxg7 Kxg7 19. Rfe1 Rxd1 20. Rxd1
e6 21. g3 Qc4 22. Rd7 a5 23. b3 Qc6 24. Rd3 Rc8 25. c4 b5 26. Rc3 b4 27. Re3 Rd8
28. h4 Qc5 29. Qb2+ Qd4 30. Qxd4+ Rxd4 31. Kg2 Kf6 32. Kf3 Rd2 33. c5 Rc2 0-1